000 01003nam a22001937a 4500
999 _c8399
_d8399
003 GBCCL
005 20241126110650.0
008 210209b ||||| |||| 00| 0 eng d
020 _a9788193900659
040 _cGBC
082 _a224.106
_bMAC
100 _aMacArthur, John,
_d1939-
_eauthor.
_91165
245 _aThe Gospel according to God :
_brediscovering the most remarkable chapter in the Old Testament /
_cJohn MacArthur.
300 _a224 pages ;
_b24 cm
504 _aIncludes bliographical references and index.
505 _aThe suffering servant -- The most remarkable chapter in the Old Testament -- Of whom does the prophet say this? -- Astonishing! -- What if some did not believe? -- The substituted servant -- The silent servant -- The suffering and exalted servant -- The sin-bearing servant -- The life and times of Isaiah the Prophet -- Here am I! send me -- Judah's demise -- The man of sorrows.
650 _aBible.
_vIsaiah, LII, 13-LIII
_xCommentaries.
_914701
942 _2ddc
_cBK
_03